000 00556nam a22001937a 4500
003 KOHA_MİRAKIL
005 20251123123513.0
008 251123b tu ||||| |||| 00| 0 tur d
020 _a9789750823039
040 _aTR-AnABB
_btur
_cTR-AnABB
041 _atur
082 _a808.06831
_bOZD 2012
100 1 _aÖzdem, Filiz,
245 1 0 _aSırlarla dolu konak /
_cFiliz Özdem
260 _aİstanbul :
_bYapı Kredi Kültür Sanat Yayıncılık,
_c2012
300 _a118 sayfa ;
_c20 cm
650 0 4 _aTürk edebiyatı, roman
942 _2ddc
_cBK
999 _c9550
_d9550
900 _bGizem YORULMAZ